[Event "Auburn Hills op"]
[Site "Auburn Hills"]
[Date "2004.04.17"]
[Round "2"]
[White "Jackson, Kevin"]
[Black "Haugabook, Ibrahim"]
[Result "1-0"]
[WhiteElo "1390"]
[BlackElo "1191"]
[PlyCount "37"]
[EventDate "2004.04.17"]
[EventType "swiss"]
[EventRounds "5"]
[EventCountry "USA"]
[SourceTitle "EXT 2008"]
[Source "ChessBase"]
[SourceDate "2007.11.25"]
[SourceVersion "1"]
[SourceVersionDate "2007.11.25"]
[SourceQuality "1"]

1. e4 e6 2. d4 d5 3. exd5 exd5 4. Nf3 Nc6 5. Bd3 Nf6 6. 0-0 Bd6 7. Re1+ Be7 8. Bb5 Bd7 9. Qe2 Ne4 10. Bxc6 Bxc6 11. Ne5 Bd7 12. Nxd7 Qxd7 13. c4 c6 14. Nc3 Bb4 15. f3 0-0 16. fxe4 Rfe8 17. e5 Bd6 18. cxd5 cxd5 19. Bd2 1-0

[Event "Detroit op"]
[Site "Detroit"]
[Date "2000.12.16"]
[Round "4"]
[White "Haugabook, Ibrahim"]
[Black "Almasy, Roy"]
[Result "0-1"]
[WhiteElo "649"]
[BlackElo "1141"]
[PlyCount "90"]
[EventDate "2000.12.16"]
[EventType "swiss"]
[EventRounds "6"]
[EventCountry "USA"]
[SourceTitle "EXT 2007"]
[Source "ChessBase"]
[SourceDate "2006.11.23"]
[SourceVersion "1"]
[SourceVersionDate "2006.11.23"]
[SourceQuality "1"]

1. d4 d5 2. Nf3 Nf6 3. e3 Nc6 4. Bd3 Bg4 5. h3 Bh5 6. Be2 e6 7. b3 Be7 8. Bb2 0-0 9. e4 dxe4 10. Ng5 Bxe2 11. Qxe2 Nxd4 12. Bxd4 Qxd4 13. c3 Qd3 14. Qxd3 exd3 15. Nd2 Nd5 16. Nde4 Bxg5 17. Nxg5 Nxc3 18. Kd2 Ne2 19. Kxd3 Nf4+ 20. Kd2 Nxg2 21. Rhg1 Nh4 22. Rg4 Ng6 23. h4 Rad8+ 24. Kc3 Rd6 25. h5 Ne5 26. Rg3 Rfd8 27. Ne4 Rd3+ 28. Rxd3 Rxd3+ 29. Kc2 Rh3 30. Rd1 h6 31. Rd8+ Kh7 32. Ng3 Rh2 33. Ne4 Rxh5 34. f4 Ng6 35. a4 Rh4 36. Kd3 Rxf4 37. b4 Ne5+ 38. Kd4 Nc6+ 39. Ke3 Rxe4+ 40. Kxe4 Nxd8 41. b5 g5 42. a5 f5+ 43. Kf3 g4+ 44. Kg3 Kg6 45. a6 b6 0-1

[Event "Detroit op"]
[Site "Detroit"]
[Date "1999.12.18"]
[Round "2"]
[White "Conner, Lloyd"]
[Black "Haugabook, Ibrahim"]
[Result "1-0"]
[WhiteElo "623"]
[BlackElo "554"]
[PlyCount "71"]
[EventDate "1999.12.18"]
[EventType "swiss"]
[EventRounds "6"]
[EventCountry "USA"]
[SourceTitle "EXT 2007"]
[Source "ChessBase"]
[SourceDate "2006.11.23"]
[SourceVersion "1"]
[SourceVersionDate "2006.11.23"]
[SourceQuality "1"]

1. c4 e5 2. Nc3 Bc5 3. d3 Qh4 4. g3 Qf6 5. Nf3 Qg6 6. Bg2 Nf6 7. Nxe5 Qf5 8. Nf3 d6 9. 0-0 0-0 10. Nh4 Qg6 11. Nxg6 fxg6 12. Ne4 Nxe4 13. dxe4 Bg4 14. e5 dxe5 15. Bxb7 Nc6 16. Bxa8 Rd8 17. Bd2 Rxa8 18. Qb3 Rf8 19. Bg5 Bxe2 20. Rfe1 Bf3 21. Rac1 Nd4 22. Qb7 Bxb7 23. Rxe5 Nf3+ 24. Kf1 Nxe5 25. f4 h6 26. Bh4 Nxc4 27. Rxc4 Be3 28. Rxc7 Ba6+ 29. Ke1 Rd8 30. Bxd8 Bb6 31. Rd7 Ba5+ 32. Bxa5 Bb5 33. Rxa7 g5 34. fxg5 hxg5 35. h4 gxh4 36. gxh4 1-0